On the Lightship

Saved in:
Bibliographic Details
Main Author: Vielé, Herman Knickerbocker
Format: Electronic eBook
Language:English
Published: Project Gutenberg, 2012
Series:Project Gutenberg 40648
Online Access:http://www.gutenberg.org/etext/40648
Rights
Tags: Add Tag
No Tags, Be the first to tag this record!
Call Number :

MARC

LEADER 00000cam a22000003a 4500
001 69002
003 MY-KLNDU
005 20241219030557.0
008 210402s2012||||xxu|||||s|||||000 | eng d
035 |a (PGUSA)40648 
039 9 |y 202104021627  |z VLOAD 
040 |a PGUSA  |b eng 
042 |a dc 
100 1 |a Vielé, Herman Knickerbocker 
245 1 0 |a On the Lightship  |h [electronic resource] /  |c by Herman Knickerbocker Vielé 
260 |b Project Gutenberg,  |c 2012 
500 |a Project Gutenberg 
506 |a Freely available. 
516 |a Electronic text 
599 |a Dummy Record 
830 0 |a Project Gutenberg  |v 40648 
856 4 0 |u http://www.gutenberg.org/etext/40648 
856 4 2 |u http://www.gutenberg.org/license  |3 Rights 
999 |a vtls000080450  |c 69002  |d 69002